01224 2200265 4500001002100000005001500021035002000036007000300056008004100059020001800100082001000118084001600128100003500144245010400179250002000283300003800303650001400341505039700355740008100752264003500833336002100868337003000889338002300919990001600942INLIS00000000000007420260413110253 a0010-0426000073ta260413 g 0 ind  a9786022621447 a006.7 a006.7 BAM b0 aBambang Eka PurnamaePengarang1 aCara mudah membuat web dengan cms wordpress pada domain dan hosting gratisan /cBambang Eka Purnama acetakan pertama a162 halaman :bilustrasi ;c23 cm 4aSitus Web aBuku ini membahas langkah-langkah praktis dalam membuat website menggunakan CMS WordPress, mulai dari pemilihan domain dan hosting gratis hingga proses instalasi dan pengelolaan situs. Dijelaskan pula cara mengatur tampilan, menambahkan konten, serta memanfaatkan fitur-fitur WordPress secara optimal. Buku ini ditujukan bagi pemula yang ingin membuat website dengan mudah dan biaya minimal. aCara mudah membuat web dengan cms wordpress pada domain dan hosting gratisan aSurakarta :bGraha Ilmu,c2014 2rdacontentateks 2rdamediaatanpa perantara 2rdacarrieravolume aPP000138/19